El ámbito de lo jurídico: lecturas de pensamiento jurídico contemporaneo
Salvato in:
| Autore principale: | |
|---|---|
| Altri autori: | |
| Natura: | Libro |
| Lingua: | spagnolo |
| Pubblicazione: |
Barcelona
Crítica
1994
|
| Soggetti: | |
| Tags: |
Aggiungi Tag
Nessun Tag, puoi essere il primo ad aggiungerne!!
|
MARC
| LEADER | 00000nam a2200000 a 4500 | ||
|---|---|---|---|
| 001 | UCX9819 | ||
| 003 | CL-VaPUC | ||
| 008 | 940628e19940000SP |||||||||||||||||spa|d | ||
| 020 | |a 8474236355 | ||
| 082 | 0 | 4 | |a 340.1 |b CAS |2 21 |
| 100 | 0 | |a Casanovas, Pompeu |e author |9 554221 | |
| 700 | |a Moreso, José Juan |e autor |9 578580 | ||
| 245 | 1 | 3 | |a El ámbito de lo jurídico: lecturas de pensamiento jurídico contemporaneo |
| 300 | |a 520 p | ||
| 942 | |c BK | ||
| 945 | |d 19940628 00:00:00 |a aalvarez | ||
| 260 | |a Barcelona |b Crítica |c 1994 | ||
| 650 | 0 | |a Filosofía del derecho |9 255050 | |
| 583 | |a last modification |c 19940628 00:00:00 |k Rodrigo Vera | ||
| 999 | |c 343414 |d 343412 | ||
| 952 | |0 0 |1 0 |4 0 |6 340_100000000000000_CAS_1994 |7 0 |8 DER_TF |9 440706 |a BIBDER |b BIBDER |d 2019-11-22 |i 2990024 |l 1 |o 340.1 CAS 1994 |p 2990024 |r 2020-03-24 |s 2020-03-18 |w 2019-11-22 |x Ubicación 4to Piso |y BK |z Estos recursos deben solicitarse con anticipación |k DER | ||